Word Ladder: Bruce Willis Quiz Stats

 Plays Quiz Updated May 4, 2015

Score 0/27 Timer 03:00
1 Play Today
Hint 5-Letter Word % Correct
'The Sixth _____', 1999SENSE
98.9%
Pirate eye coveringPATCH
93.4%
Total number of U.S. statesFIFTY
92.4%
'The _____ Element', 1997FIFTH
90.8%
Two fingered squeeze of skinPINCH
89.5%
Stressed outTENSE
89.1%
Taunt playfully and/or annoyinglyTEASE
86.2%
Juicy stone fruitPEACH
85.7%
Disgusting dirtFILTH
85.7%
Make dry and/or thirstyPARCH
85.3%
Steepness of a slopePITCH
84.1%
Groovy, fabNIFTY
83.8%
Roost for a birdPERCH
83.7%
Cessation of warPEACE
83.7%
Hint 5-Letter Word % Correct
_____ Gritty Dirt BandNITTY
81.6%
Gentle golf strokesPUTTS
81.4%
Self-held football kicksPUNTS
80.5%
Dips food into soup or coffeeDUNKS
80.4%
_____ porridge hot ...PEASE
80.2%
Silly inedible doughPUTTY
79.2%
Ruffians, hoodlumsPUNKS
77.5%
QuackersDUCKS
77%
Peter _____ from 'Network'FINCH
76.8%
Silly, goofy, zanyNUTTY
74.6%
StealFILCH
73.2%
'_____ Number Slevin', 2006LUCKY
66.6%
Delightfully satisfactoryDUCKY
60.2%

Today's Daily Dose

Missing Word
Wicked Songs

Word Ladder
Blue Ivies

Get the Picture
Green on the Flag?

You're not logged in!

Compare scores with friends on all Sporcle quizzes.
OR
Log In

You Might Also Like...

Show Comments

Extras

Top Quizzes Today


Score Distribution

Your Account Isn't Verified!

In order to create a playlist on Sporcle, you need to verify the email address you used during registration. Go to your Sporcle Settings to finish the process.

Report this User

Report this user for behavior that violates our Community Guidelines.

Details: